Grafik menggunakan Jasc PaintShop Pro
| Main Author: | |
|---|---|
| Other Authors: | |
| Format: | Book |
| Published: |
Kuala Lumpur :
Venton Pub. ,
2001
|
| Subjects: |
MARC
| LEADER | 00000cam a2200000 7i4500 | ||
|---|---|---|---|
| 001 | 0000003122 | ||
| 005 | 20040527.0 | ||
| 020 | 0 | 0 | |a 9832031338 |
| 090 | 0 | 0 | |a 006.6869 |b ISK 2001 |
| 100 | 0 | 0 | |a ISKANDAR Ab Rashid |
| 245 | 1 | 0 | |a Grafik menggunakan Jasc PaintShop Pro |c Iskandar Ab Rashid, Zaitun Ismail |
| 260 | 0 | 0 | |a Kuala Lumpur : |b Venton Pub. , |c 2001 |
| 300 | |a vi, 274 p. : |b ill. ; |c 25 cm. | ||
| 500 | 0 | 0 | |a Includes index |
| 650 | 0 | 0 | |a Computer graphics |
| 700 | 0 | 1 | |a Zaitun Ismail |
| 998 | |a JPSM | ||
| 999 | |a 0000005521 |b Monograph |c Open Shelf |e Default branch | ||